Classement perpétuel de la Premier League - Statistiques

Statistiques générales
  • Ce quiz a été pris 1 205 fois
  • Le résultat moyen est 27 sur 50
Statistiques - réponses
# Saisons Points Club % Correct
1 30 2366 Manchester United
100%
2 30 2141 FC Arsenal
99%
4 30 2109 FC Liverpool
99%
6 25 1629 Manchester City
99%
3 30 2138 Chelsea FC
98%
5 30 1787 Tottenham Hotspur
93%
9 27 1358 Aston Villa
88%
7 30 1574 FC Everton
86%
8 27 1410 Newcastle United
86%
10 26 1258 West Ham United
86%
14 16 787 Leicester City
81%
13 14 789 Leeds United
76%
39 5 209 Brighton & Hove Albion
75%
36 5 239 Nottingham Forrest
71%
11 23 1063 FC Southampton
70%
19 13 564 Crystal Palace
69%
16 15 640 FC Fulham
67%
29 8 325 Burnley FC
64%
17 16 618 AFC Sunderland
62%
27 8 348 Wolverhamton Wanderers
61%
47 1 46 FC Brentford
60%
23 10 402 Norwich City
60%
38 5 211 AFC Bournemouth
59%
40 5 209 Sheffield United
55%
32 7 301 Birmingham City
53%
44 2 64 Cardiff City
52%
30 7 312 Swansea City
52%
31 7 308 Queens Park Rangers
50%
12 18 970 Blackburn Rovers
48%
34 8 285 FC Watford
47%
20 13 490 West Bromwich Albion
46%
41 5 171 Hull City
43%
21 10 457 Stoke City
42%
33 7 293 FC Portsmouth
38%
37 5 224 Ipswich Town
37%
24 8 392 Sheffield Wednesday
36%
18 13 575 Bolton Wanderers
34%
35 7 274 Derby County
34%
15 15 661 Middlesbrough FC
34%
22 9 409 Coventry City
30%
46 2 53 Huddersfield Town
30%
28 8 331 Wigan Athletic
29%
48 1 39 Blackpool FC
28%
42 3 119 FC Reading
27%
26 8 361 Charlton Athletic
20%
49 1 35 Barnsley FC
17%
45 2 62 Bradford City
12%
43 2 89 Oldham Athletic
7%
50 1 30 Swindon Town
6%
25 8 374 Milton Keynes Dons
4%
Aucun quiz correspondant
Distribution des résultats
% des personnes avec chaque résultat
Percentile par nombre de réponses
Votre historique - résultats
Vous n’avez pas pris ce quiz